000 00751cam a2200217 a 4500
001 000001153
005 20200929145505.0
008 920417s1970 ec c 000 0 spa
040 _aDO-SdBNP
_bspa
_cBNPHU
082 _a398.209869
_bC921L
100 1 _aCrespo Toral, Remigio,
_d1860-1939.
_93936
245 1 0 _aLeyenda de Hernán /
_cRemigio Crespo Toral ; introducción, Hernán Rodríguez castelo.
260 _aQuito, Ecuador :
_bpublicaciones Educativas Ariel,
_c[197?].
300 _a198 p. ;
_c20 cm.
440 0 _aClásicos Ariel ;
_vno. 24
_93125
650 4 _aLeyendas ecuatoriana
_93937
650 4 _aLiteratura ecuatoriana
_93938
700 1 _aRodríguez castelo, Hernán,
_eintrod.
_93939
910 _aCatalogación derivada
910 _aWM
999 _c1106
_d1106